NBA Records de Triples-Doubles en une saison - Statistiques

Statistiques générales
  • Ce quiz a été pris 24 fois
  • Le résultat moyen est 17 sur 22
Statistiques - réponses
Joueur Triples-Doubles Équipe Saison % Correct
4 Nikola Jokić 34 Thunder 2018-2019
100%
4 Nikola Jokić 34 Nuggets 2024-2025
100%
8 Nikola Jokić 29 Nuggets 2022-2023
100%
12 Nikola Jokić 25 Nuggets 2023-2024
100%
19 Nikola Jokić 19 Nuggets 2021-2022
100%
3 Russell Westbrook 38 Wizards 2020-2021
95%
4 Russell Westbrook 34 Nuggets 2025-2026
95%
20 Russell Westbrook 18 Thunder 2015-2016
95%
1 Russel Westbrook 42 Thunder 2016-2017
95%
14 James Harden 22 Rockets 2016-2017
80%
20 LeBron James 18 Cavaliers 2017-2018
80%
7 Wilt Chamberlain 31 76ers 1967-1968
75%
14 Wilt Chamberlain 22 76ers 1966-1967
75%
17 Luka Dončić 21 Mavericks 2023-2024
70%
2 Oscar Robertson 41 Royals 1961-1962
70%
9 Oscar Robertson 26 Royals 1960-1961
70%
9 Oscar Robertson 26 Royals 1963-1964
70%
14 Oscar Robertson 22 Royals 1964-1965
70%
18 Oscar Robertson 20 Royals 1962-1963
70%
9 Domantas Sabonis 26 KIngs 2023-2024
50%
20 Magic Johnson 18 Lakers 1981-1982
45%
12 Russell Westbroook 25 Thunder 2017-2018
0%
Aucun quiz correspondant
Distribution des résultats
% des personnes avec chaque résultat
Percentile par nombre de réponses
Votre historique - résultats
Vous n’avez pas pris ce quiz